¿Se tiran pedos las mariposas? : cómo poner en aprietos a un guía en el Museo Nacional de Ciencias Naturales /

A propósito del 250 aniversario del Museo Nacional de Ciencias Naturales de Madrid, el químico y guía Fernando Arnaíz presenta una obra de divugación científica en la cual, partiendo de las preguntas más singulares que han hecho los visitantes, así como de las anécdotas de los guías, plantea cuestio...

Descripción completa

Guardado en:
Detalles Bibliográficos
Autor principal: Arnáiz, Fernando (autor)
Otros autores: Merino Rodríguez, Santiago (autor) (autor)
Formato: Libro
Idioma:Español
Publicado: Pamplona, España : Next Door, 2021, c2021
Colección:(El Café Cajal)
Temas:
Etiquetas: Agrega una etiqueta
Sin etiquetas, Sé el primero en etiquetar este registro!

MARC

LEADER 00000nam^a2200000^a^4500
001 000614738
005 20250521000000.0
009 20260310133648.182
020 |a 978-84-123555-0-5 
037 |a Acervo ITESO - Biblioteca 
041 |a ESP 
082 |a 508.  |b ARN 
100 |a Arnáiz, Fernando  |e (autor) 
245 1 0 |a ¿Se tiran pedos las mariposas? :  |b cómo poner en aprietos a un guía en el Museo Nacional de Ciencias Naturales /  |c F. Arnáiz ; pról. de S. Merino Rodríguez. 
264 4 |a Pamplona, España :  |b Next Door,  |c 2021, c2021 
300 |a 298 p. 
336 |a texto  |b txt  |2 rdacontenido 
337 |a sin mediación  |b n  |2 rdamedio 
338 |a volumen  |b nc  |2 rdasoporte 
440 4 |a (El Café Cajal) 
520 |a A propósito del 250 aniversario del Museo Nacional de Ciencias Naturales de Madrid, el químico y guía Fernando Arnaíz presenta una obra de divugación científica en la cual, partiendo de las preguntas más singulares que han hecho los visitantes, así como de las anécdotas de los guías, plantea cuestionamientos sobre las ciencias naturales. 
521 |a Librerías 2025 LCF 
649 |a XX 
650 |a Museo Nacional de Ciencias Naturales 
650 |a Museos de Historia Natural -  |z Madrid, España (Ciudad)  |x Tema Principal 
650 |a Museos de Historia Natural -  |z España  |x Tema Principal 
650 |a Zoología 
650 |a Botánica 
650 |a Biología 
650 |a Historia Natural -  |x Difusión 
650 |a Ciencias Naturales -  |x Difusión 
700 |a Merino Rodríguez, Santiago  |e (autor) 
910 |a Fondo General 
920 |a Impresos - Libros 
930 |a Colección General 
905 |a 101 
901 |a 614742-10  |b IT1  |c ACC  |i C189711  |u 20250521 
902 |a https://opac.biblio.iteso.mx/vufind/Record/000614738